| 000 | 00590nam a22001577a 4500 | ||
|---|---|---|---|
| 008 | 230619b |||||||| |||| 00| 0 eng d | ||
| 040 |
_aNational Science Library _cNational Science Library |
||
| 080 |
_a504.3/.4.06(082.2) _bM2 |
||
| 245 |
_aProceedings INDO-US workshop on environmental impact analysis and assessment _c/ October 27-31, 1980: NEERI, Nagpur, India |
||
| 260 |
_aNagpur: _bNational Environmental Engineering Research Institute, _c1982 |
||
| 300 | _axi, 196p. | ||
| 650 | _aScience | ||
| 653 | _aEnvironment impact | ||
| 700 | _aSundaresan, B B (Ed.) | ||
| 942 |
_2udc _cPR |
||
| 999 |
_c44836 _d44836 |
||